Continute the Lyrics - Travis Scott - Statistics

General Stats
  • This quiz has been taken 65 times
  • The average score is 4 of 10
Answer Stats
Start Answer % Correct
She said, "Where we goin'?" I said, "the moon"
71%
My granny called, she said, "Travvy, you work too hard
71%
Pick up the phone, baby I know you're home, baby
54%
Okay, I got it, copy 20/20 but I can't see nobody
52%
I feel like I'm chosen, I'm covered in gold
40%
I might need to move to Atlantis 'cause my mind too outlandish
37%
Packin' out Toyota like I'm in the league And it ain't a mosh pit if ain't no injuries
29%
Now I'm thinkin' 'bout this new girl and she doin' pop Wanna know? My dick longer than a Pringle box
25%
My fifteen seconds last a little longer, longer I can shit all day, diaper
15%
Stack on black as True Religion This that shit that keep you geekin'
10%
No matching quizzes found
Score Distribution
Percent of People with Each Score
Percentile by Number Answered
Your Score History
You have not taken this quiz